书目信息 |
| 题名: |
无机晶须
|
|
| 作者: | 李武 编著 | |
| 分册: | ||
| 出版信息: | 北京 化学工业出版社化学与应用化学出版中心 2005.6 |
|
| 页数: | 221页 | |
| 开本: | 25cm | |
| 丛书名: | 无机绿色高新精细化工技术与产品丛书 | |
| 单 册: | ||
| 中图分类: | O784 | |
| 科图分类: | ||
| 主题词: | 晶须--jing xu , 无机物--wu ji wu--晶须 | |
| 电子资源: | ||
| ISBN: | 7-5025-7176-0 | |
| 000 | 01027nam 2200277 450 | |
| 001 | CAL 012006098986 | |
| 005 | 20061030105518.54 | |
| 010 | @a7-5025-7176-0@dCNY38.00 | |
| 099 | @aCAL 012006098986 | |
| 100 | @a20060918d2005 em y0chiy0120 ea | |
| 101 | 0 | @achi |
| 102 | @aCN@b110000 | |
| 105 | @aak a 000yy | |
| 200 | 1 | @a无机晶须@Awu ji jing xu@f李武编著 |
| 210 | @a北京@c化学工业出版社化学与应用化学出版中心@d2005.6 | |
| 215 | @a221页@c图@d25cm | |
| 225 | 2 | @a无机绿色高新精细化工技术与产品丛书@Awu ji lu^ se gao xin jing xi hua gong ji shu yu chan pin cong shu@f王大全主编 |
| 320 | @a有书目 | |
| 330 | @a本书介绍了无机晶须最基本的合成理论和较成熟的无机晶须, 包括硅、硼、镁、碳(石墨)、氧化锌、氧化钛、氧化锡、氧化铜、氧化锰和超电导晶须的合成方法、生产工艺、应用领域和发展前景。 | |
| 410 | 0 | @12001 @a无机绿色高新精细化工技术与产品丛书 |
| 606 | 0 | @a晶须@Ajing xu |
| 606 | 0 | @a无机物@Awu ji wu@x晶须 |
| 690 | @aO784@v4 | |
| 701 | 0 | @a李武@Ali wu@4编著 |
| 801 | 0 | @aCN@c20061030 |
| 905 | @a10447@dO784@eL288 | |
| 无机晶须/李武编著.-北京:化学工业出版社化学与应用化学出版中心,2005.6 |
| 221页:图;25cm.-(无机绿色高新精细化工技术与产品丛书/王大全主编) |
| ISBN 7-5025-7176-0:CNY38.00 |
| 本书介绍了无机晶须最基本的合成理论和较成熟的无机晶须, 包括硅、硼、镁、碳(石墨)、氧化锌、氧化钛、氧化锡、氧化铜、氧化锰和超电导晶须的合成方法、生产工艺、应用领域和发展前景。 |
| ● |
| 相关链接 |
|
|
|
正题名:无机晶须
索取号:O784/L288
 
预约/预借
| 序号 | 登录号 | 条形码 | 馆藏地/架位号 | 状态 | 备注 |
| 1 | 635087 | 206350875 | 自科库401/401自科库 66排4列5层/ [索取号:O784/L288] | 在馆 | |
| 2 | 635088 | 206350884 | 自科库401/401自科库 66排4列5层/ [索取号:O784/L288] | 在馆 | |
| 3 | 635089 | 206350893 | 自科库401/401自科库 66排4列5层/ [索取号:O784/L288] | 在馆 |